00990nam a2200277 i 4500008004100000020002200041049000900063090001300072100002100085240003900106245012600145260003800271300002100309500002000330500004500350504004100395650001600436650002300452907003500475003000100510005001700511040000900528942002000537999001900557952013600576  a085031156X (hbk.) aMAIN aHB501LEF1 aLefebvre, Henri.03aLa survie du capitalisme. English.14aThe survival of capitalism :breproduction of the relations of production /cHenri Lefebvre ; translated by Frank Bryant. aLondon :bAllison & Busby,c1976. a131 p. ;c23 cm. aIncludes index. aTranslation of La survie du capitalisme. aIncludes bibliographical references. 0aCapitalism. 0aMarxian economics. a.b10213971b23-04-12c11-09-0620230123134244.0 cNUST cBOOKSkHB501LEF c162726d162726 r2023-01-23 00:00:00l0oHB501 LEFp92004004494v80.00w2023-01-23yBOOKS102LCC40708NFIC00aMAINbMAINcGENd2023-01-23g80.00